00414nam a2200157Ia 450000500170000000800410001704000190005804100120007708200170008910000180010624500520012426000370017630000110021365000220022485000100024620240423083218.0131103s9999 xx 000 0 und d aLoreto College aEnglish a370.954bKOC aKochhar, S.K. aPivotal issues in Indian educationcS.K.Kochhar aDelhibSterling Publishersc1995 a344p.  aEducation - India aLCBED